Luci del secolo d'oro spagnolo (Record no. 12715)

MARC details
000 - LÍDER
campo de control de longitud fija 02591nam a2200373Ia 4500
008 - ELEMENTOS DE DATOS DE LONGITUD FIJA - INFORMACIÓN GENERAL
campo de control de longitud fija 0000001998 fr d 0000000000ita00
020 ## - INTERNATIONAL STANDARD BOOK NUMBER
International Standard Book Number 2909290158
090 ## - NÚMERO DE LLAMADA DE TIPO LC LOCALMENTE ASIGNADO (OCLC)
Número de clasificación (OCLC) (R) PSP00 U53l
110 1# - ENTRADA PRINCIPAL - NOMBRE CORPORATIVO
Nombre corporativo o nombre de jurisdicción como elemento de entrada Unión Latina. Dirección de Cultura y Comunicaciones. París. Francia
245 10 - TÍTULO DECLARACIÓN
Título Luci del secolo d'oro spagnolo
Declaración de responsabilidad / Unione Latina, Direzione Cultura e Comunicazione ; curatori Fernando Checa Cremades (Spagna), Edouard Pommier (Unione Latina), Andrea Emiliani (Italia)
260 ## - PUBLICACIÓN, DISTRIBUCIÓN
Lugar de publicación Paris : Union Latine
Fecha de publicación 1998
300 ## - DESCRIPCIÓN FÍSICA
Alcance 253 p.
Dimensiones / 25 cm.
500 ## - NOTA GENERAL
Nota general Exposición realizada en la Pinacoteca Nacional de Bolonia, Italia, del 8 de febrero al 13 de abril de 1998 \ Incluye datos biográficos, bibliográficos y cronólogicos de los artistas y las obras \ Proyecto Ganador Programa Apoyos Concertados FGAA 2010
501 ## - Con nota
Con nota La pittura spagnola del secolo d'Oro / Alfonso E. Pérez Sánchez L'immagine del santo nella Spagna della Controriforma / Fernando Checa Cremades Pittura e pensiero nella Corte di Spagna agli inizi del XVII secolo / Javier Portus Pittura napoletana del Seicento in Spagna / Nicola Spinoza
505 ## - NOTA DE CONTENIDO FORMATEADA
Nota sobre el contenido formateado ARTISTAS EN LA EXPOSICION: José Antolinez Juan de Arellano Pedro Atanasio Bocanegra Eugenio Cajés Francisco Camilo Pedro Camprobín Passano Alonso Cano Juan Carreño de Miranda Vicente Castelló Antonio del Castillo Saavedra Juan del Castillo Mateo Cerezo Claudio Coello Juan Antonio de Frias y Escalante Jerónimo Jacinto de Espinosa El Greco Francisco de Herrera, el viejo Jusepe Leonardo Juan Bautista Maino Bartolomé Esteban Murillo Pedro de Orrente Francisco PAcheco Juan Pantoja de la Cruz Juan de Pareja Antonio de Pereda Antonio Ponce Francisco Ribalta José de Rivera, El españoleto Francisco Rizi Fray Juan Rizi Juan de Roleas Vicente Salvador Gómez Juan de Valdés Leal Tomás Yepes Diego Velázquez Francisco de Zurbarán Juan de Zurbarán
610 ## - ENTRADA DE SUJETO AÑADIDO - NOMBRE CORPORATIVO
Nombre corporativo o nombre de jurisdicción como elemento de entrada PINACOTECA NAZIONALE DI BOLOGNA. ITALIA/
Subdivisión general EXPOSICIONES/
-- CATALOGOS
650 14 - ENTRADA DE SUJETO AÑADIDO - TÉRMINO TÓPICO
Término tópico o elemento de entrada del nombre geográfico PINTURA ESPAÑOLA
650 14 - ENTRADA DE SUJETO AÑADIDO - TÉRMINO TÓPICO
Término tópico o elemento de entrada del nombre geográfico ARTE RELIGIOSO ESPAÑOL
650 14 - ENTRADA DE SUJETO AÑADIDO - TÉRMINO TÓPICO
Término tópico o elemento de entrada del nombre geográfico ARTE RELIGIOSO ESPAÑOL
650 14 - ENTRADA DE SUJETO AÑADIDO - TÉRMINO TÓPICO
Término tópico o elemento de entrada del nombre geográfico ARTE RELIGIOSO ESPAÑOL
650 14 - ENTRADA DE SUJETO AÑADIDO - TÉRMINO TÓPICO
Subdivisión general CATALOGOS
650 14 - ENTRADA DE SUJETO AÑADIDO - TÉRMINO TÓPICO
Subdivisión general EXPOSICIONES
650 14 - ENTRADA DE SUJETO AÑADIDO - TÉRMINO TÓPICO
Término tópico o elemento de entrada del nombre geográfico HISTORIA
650 14 - ENTRADA DE SUJETO AÑADIDO - TÉRMINO TÓPICO
Término tópico o elemento de entrada del nombre geográfico HISTORIA Y CRITICA
650 14 - ENTRADA DE SUJETO AÑADIDO - TÉRMINO TÓPICO
Término tópico o elemento de entrada del nombre geográfico NATURALEZA MUERTA EN EL ARTE
650 14 - ENTRADA DE SUJETO AÑADIDO - TÉRMINO TÓPICO
Término tópico o elemento de entrada del nombre geográfico PINTURA ESPAÑOLA
650 14 - ENTRADA DE SUJETO AÑADIDO - TÉRMINO TÓPICO
Término tópico o elemento de entrada del nombre geográfico PINTURA ESPAÑOLA
650 14 - ENTRADA DE SUJETO AÑADIDO - TÉRMINO TÓPICO
Término tópico o elemento de entrada del nombre geográfico PINTURA ESPAÑOLA
650 14 - ENTRADA DE SUJETO AÑADIDO - TÉRMINO TÓPICO
Término tópico o elemento de entrada del nombre geográfico SANTOS CRISTIANOS EN EL ARTE
650 14 - ENTRADA DE SUJETO AÑADIDO - TÉRMINO TÓPICO
Término tópico o elemento de entrada del nombre geográfico SIGLO XVII
650 14 - ENTRADA DE SUJETO AÑADIDO - TÉRMINO TÓPICO
Término tópico o elemento de entrada del nombre geográfico SIGLO XVII
650 14 - ENTRADA DE SUJETO AÑADIDO - TÉRMINO TÓPICO
Término tópico o elemento de entrada del nombre geográfico SIGLO XVII
650 14 - ENTRADA DE SUJETO AÑADIDO - TÉRMINO TÓPICO
Término tópico o elemento de entrada del nombre geográfico SIGLO XVII
Holdings
Estado de retirada Pérdida de estatus Estado dañado No para préstamo Código de recogida Ubicación permanente Ubicación actual Ubicación de las estanterías Fecha de adquisición Número de llamada completo Código de barras Fecha de la última vez que se vio Número de copia Precio efectivo desde Tipo de artículo Koha
        General ArtNexus ArtNexus General 06/09/2022 P-SP-00 U53L 12850 06/09/2022 Ej.1 06/09/2022 Libro

Powered by Koha